000 00468nam a2200169 i 4500
001 88253
003 ES-MaACL
005 20230906175827.0
007 t|
008 050103s1961 sp ||||1| spa d
100 1 _aLaín Entralgo, Pedro,
_d1908-2001
_969681
245 1 0 _aEnfermedades y pecado /
_cpor Pedro Laín Entralgo.
260 _aBarcelona :
_bToray,
_c[1961]
300 _a125 p. ;
_c22 cm.
852 _aES-MaACL
_jC-19777
_bR.47464
999 _c88253
_d88253